Spectrum: an anthology of english varieties for intermediate and more advanced students
Đã lưu trong:
| Tác giả chính: | |
|---|---|
| Định dạng: | Sách |
| Ngôn ngữ: | Tiếng Anh |
| Được phát hành: |
Cambridge
Cambridge University
1978
|
| Phiên bản: | 1a. ed |
| Những chủ đề: | |
| Các nhãn: |
Thêm thẻ
Không có thẻ, Là người đầu tiên thẻ bản ghi này!
|
MARC
| LEADER | 00000nam a2200000 a 4500 | ||
|---|---|---|---|
| 001 | UCQ3636 | ||
| 003 | CL-VaPUC | ||
| 008 | 980821e19780000uk |||||||||||||||||eng|d | ||
| 020 | |a 0521216222 | ||
| 082 | 0 | 4 | |a 428.07 |b SWA |2 21 |
| 100 | 0 | |a Swan, Michael |e author |9 417892 | |
| 245 | 1 | 0 | |a Spectrum: an anthology of english varieties for intermediate and more advanced students |
| 250 | |a 1a. ed | ||
| 300 | |a 196 p | ||
| 942 | |c BK | ||
| 945 | |d 19980821 00:00:00 |a crobeson | ||
| 260 | |a Cambridge |b Cambridge University |c 1978 | ||
| 650 | 0 | |a Inglés |9 260023 | |
| 650 | 0 | |a Enseñanza de idiomas |9 339820 | |
| 650 | 0 | |a Educación lingüística |9 306506 | |
| 583 | |a last modification |c 20130806 06:40:18 |k Rodrigo Vera | ||
| 999 | |c 274156 |d 274154 | ||
| 952 | |0 0 |1 0 |4 0 |6 428_070000000000000_SWA_1978 |7 0 |8 A |9 310253 |a BIBEDU |b BIBEDU |d 2019-11-20 |i 4544900 |o 428.07 SWA 1978 |p 4544900 |r 2019-11-20 |w 2019-11-20 |y BK |k LIT | ||